Представление документа в формате MARC21

ПолеНазваниеЗначение
  Тип записи a
  Библиографический уровень m
001 Контрольный номер RU\infra-m\znanium\bibl\2230661
005 Дата корректировки 20260429142211.3
008 Кодируемые данные 251118s2025 RU g rus u
020 Индекс ISBN __
a ISBN 978-5-16-015962-1
020 Индекс ISBN __
a ISBN 978-5-16-108348-2 (электр. издание)
040 Источник каталогиз. __
a Служба первич. каталог. Общество с ограниченной ответственностью «ЗНАНИУМ»
041 Код языка издания __
a Код языка текста rus
044 Код страны публикации __
a Код страны публикации RU
080 Индекс УДК __
a Индекс УДК 373.2(075.32)
084 Индекс другой классификации/Индекс ББК __
2 Источник индекса rubbk
a Индекс другой классификации/Индекс ББК 74.1я723
084 Индекс другой классификации/Индекс ББК __
2 Источник индекса okso
a Индекс другой классификации/Индекс ББК 44.02.01
100 Автор __
a Автор Тимофеева Л.Л.
q Полное имя Тимофеева Лилия Львовна
u Дополнение Институт развития образования, Орловская область
245 Заглавие __
a Заглавие Организация образовательной деятельности в ДОО. Примерное планирование. Старшая группа (5-6 лет)
b Продолж. заглавия Учебно-методическая литература
c Ответственность Институт развития образования, Орловская область
250 Сведения об издании __
a Основные сведения об издании 1
260 Выходные данные __
a Место издания Москва
b Издательство ООО "Научно-издательский центр ИНФРА-М"
c Дата издания 2026
300 Физическое описание __
a Объем 298 с.
440 Серия __
a Серия Среднее профессиональное образование
520 Аннотация __
a Аннотация В учебно-методическом пособии представлены эффективные формы организации различных видов детской деятельности в ходе непосредственно образовательной деятельности; образовательной деятельности осуществляемой в режимных моментах; взаимодействия с семьями воспитанников по реализации основной образовательной программы дошкольного образования. Планирование выстроено с учетом закономерностей развития детей шестого года жизни необходимости решения программных задач поддержания партнерских взаимоотношений с дошкольниками и их семьями на основе современных представлений о колебании работоспособности старших дошкольников о правилах чередования видов деятельности. Составлено в соответствии с федеральным государственным образовательным стандартом дошкольного образования. Адресовано студентам учреждений среднего профессионального образования.
521 Примеч. о цел. назн. __
a Примеч. о целев. назн. Среднее профессиональное образование
650 Тематические рубрики __
a Основная рубрика Педагогика. Образование
x Основная подрубрика Дошкольное воспитание и педагогика
655 Указ. предметных рубрик (устаревшее) __
a Жанр/ форма (устаревшее) Учебно-методическая литература
700 Другие авторы __
a Другие авторы Корнеичева Е. Е.
q Полное имя Корнеичева Елена Евгеньевна
700 Другие авторы __
a Другие авторы Грачева Н. И.
q Полное имя Грачева Наталья Ивановна
700 Другие авторы __
a Другие авторы Тимофеева Л.Л.
q Полное имя Тимофеева Лилия Львовна
u Дополнение Институт развития образования, Орловская область
856 Электронный адрес документа 4_
a Имя сервера/домена znanium.ru
m Помощь ebs_support@infra-m.ru
n Местонахождение сервера НИЦ ИНФРА-М
u URL https://znanium.ru/catalog/document?id=472173
856 Электронный адрес документа 48
a Имя сервера/домена znanium.ru
d Путь /cover/2230
f Электронное имя 2230661.jpg
q Тип электронного формата image/jpeg
u URL https://znanium.ru/cover/2230/2230661.jpg
911 __
u 0030=https://znanium.ru/catalog/document?id=472173